| 000 | 00611nam a2200181Ia 4500 | ||
|---|---|---|---|
| 008 | 090630s9999 xx 000 0 und d | ||
| 082 | _b977 | ||
| 100 | _aमॅकमिलन व्हिलर. | ||
| 245 |
_aसुफला भूमी. _cमॅकमिलन व्हिलर. |
||
| 260 |
_bव्होरा कंपनी. _c1965 |
||
| 300 | _a132 | ||
| 600 | _aमॅकमिलन व्हिलर. | ||
| 630 | _aसुफला भूमी. | ||
| 655 | _aइतर. | ||
| 700 | _aमॅकमिलन व्हिलर. | ||
| 730 | _aसुफला भूमी. | ||
| 942 | _cBOOK | ||
| 999 |
_c252833 _d252833 |
||